|
|
|
|
| LEADER |
00865Cam#a2200265#a#4500 |
| 001 |
023130 |
| 005 |
20160721160445.0 |
| 008 |
110905s2007||||ag # f#b #000|0#spa#d |
| 020 |
|
|
|a 9789503404492
|
| 040 |
|
|
|a AR-BeUNQ
|
| 082 |
0 |
4 |
|a 301
|2 21
|
| 100 |
1 |
|
|a Rodríguez, Esteban.
|
| 245 |
0 |
2 |
|a Vida lumpen :
|b bestiario de la multitud
|c Esteban Rodríguez.
|
| 260 |
|
|
|a La Plata :
|b Universidad Nacional de La PLata,
|c 2007.
|
| 300 |
|
|
|a 343 p. ;
|c 21 cm.
|
| 490 |
1 |
|
|a Colección Sociales
|
| 504 |
|
|
|a Bibliografía: p. 333-343.
|
| 650 |
|
7 |
|a Desempleo
|2 spines
|
| 650 |
|
7 |
|a Sociología
|2 spines
|
| 651 |
|
7 |
|a Argentina
|2 spines
|
| 653 |
|
|
|a Proletariado
|
| 830 |
|
0 |
|a Colección Sociales (Universidad Nacional de La Plata).
|
| 929 |
|
|
|a DONACION
|b Esteban Rodríguez
|d 0,00
|e 20090314
|f PAT0028142
|g 1277 Exp. 827-0387/98
|j 46862
|
| 942 |
|
|
|c LIB
|n 0
|
| 999 |
|
|
|c 21953
|d 97340
|